Communist China and Tibet : (Record no. 25342)
[ view plain ]
| 000 -LEADER | |
|---|---|
| fixed length control field | 00969cam a22002891 4500 |
| 001 - CONTROL NUMBER | |
| control field | 25342 |
| 003 - CONTROL NUMBER IDENTIFIER | |
| rucl marc code | BD-RjUL |
| 005 - DATE AND TIME OF LATEST TRANSACTION | |
| control field | 20211209050851.0 |
| 008 - FIXED-LENGTH DATA ELEMENTS--GENERAL INFORMATION | |
| fixed length control field | 140318s1964 ne 001 0 eng |
| 035 ## - SYSTEM CONTROL NUMBER | |
| System control number | (BD-RjUL)25411 |
| System control number | (OCoLC)300879 |
| 040 ## - CATALOGING SOURCE | |
| Original cataloging agency | DLC |
| Transcribing agency | OClW |
| Modifying agency | OCoLC |
| -- | DLC |
| -- | BD-RjUL |
| Language of cataloging | eng |
| 041 ## - LANGUAGE CODE | |
| Language code of text/sound track or separate title | eng |
| 082 ## - DEWEY DECIMAL CLASSIFICATION NUMBER | |
| Classification number | 951.5 |
| Author mark and year | GIC 1964 |
| 100 1# - MAIN ENTRY--PERSONAL NAME | |
| Personal name | Ginsburgs, George. |
| 9 (RLIN) | 77911 |
| 245 10 - TITLE STATEMENT | |
| Title | Communist China and Tibet : |
| Remainder of title | the first dozen years / |
| Statement of responsibility, etc. | by George Ginsburgs and Michael Mathos. |
| 260 ## - PUBLICATION, DISTRIBUTION, ETC. (IMPRINT) | |
| Place of publication, distribution, etc. | The Hague : |
| Name of publisher, distributor, etc. | M. Nijhoff, |
| Date of publication, distribution, etc. | c1964. |
| 300 ## - PHYSICAL DESCRIPTION | |
| Pagination | 218 p. ; |
| Size | 24 cm. |
| 500 ## - GENERAL NOTE | |
| General note | Bibliographical footnotes. |
| 504 ## - BIBLIOGRAPHY, ETC. NOTE | |
| Bibliography, etc | Includes bibliography (p. [211]-215) and index. |
| 651 #0 - SUBJECT ADDED ENTRY--GEOGRAPHIC NAME | |
| Geographic name | Tibet Autonomous Region (China) |
| General subdivision | History |
| Chronological subdivision | 1951- |
| 9 (RLIN) | 77912 |
| Geographic name | Tibet Autonomous Region (China) |
| General subdivision | Politics and government |
| Chronological subdivision | 1951- |
| 9 (RLIN) | 77913 |
| 700 1# - ADDED ENTRY--PERSONAL NAME | |
| Personal name | Mathos, Michael, |
| Relator term | jt. auth. |
| 942 ## - ADDED ENTRY ELEMENTS (KOHA) | |
| Source of classification or shelving scheme | Dewey Decimal Classification |
| Koha item type | Books |
| Lost status | Source of classification or shelving scheme | Damaged status | Not for loan | Collection code | Permanent Location | Current Location | Shelving location | Date acquired | Source of acquisition | Cost, normal purchase price | Total Checkouts | Full call number | Date last seen | Copy number | Koha item type |
|---|---|---|---|---|---|---|---|---|---|---|---|---|---|---|---|
| Dewey Decimal Classification | Added to bundle | Non-fiction | Central Library, University of Rajshahi | Central Library, University of Rajshahi | Reading Room | 02/11/1967 | Sweets & Zaitlinger | 47.00 | 951.5 GIC 1964 | 18/03/2014 | C-1 | Books |